| 000 | 00543nam a2200193Ia 4500 | ||
|---|---|---|---|
| 003 | OSt | ||
| 005 | 20250522113845.0 | ||
| 008 | 210210b1980 xxu||||| |||| 00| 0 eng d | ||
| 040 | _cAL | ||
| 041 | _aKannada | ||
| 082 | _aK894.3 GITN | ||
| 100 |
_aGITA KULAKARNI. _dಗೀತಾ ಕುಲಕರ್ಣಿ _9210602 |
||
| 245 |
_aNeji gubbachhi _bನೇಜಿ ಗುಬ್ಬಚ್ಚಿ |
||
| 260 |
_aDharavada _bPratibha Granthamale _c1980 |
||
| 300 | _aviii,85 | ||
| 690 |
_aKannada Fiction _9210603 |
||
| 906 | _a034778 | ||
| 942 |
_2ddc _cBK |
||
| 999 |
_c85790 _d85790 |
||